000 00730nam a2200181Ia 4500
008 151202s9999||||xx |||||||||||||| ||und||
082 _bPNVM-64945
100 _aभामोदे निर्मला.
245 _aसंत रोहिदास आणि संत चोखामेळा.
260 _b"सुाीर प्रकाशन,र्वाा."
260 _c2004
300 _a376
600 _aभामोदे निर्मला.
630 _aसंत रोहिदास आणि संत चोखामेळा.
700 _aभामोदे निर्मला.
730 _aसंत रोहिदास आणि संत चोखामेळा.
942 _cBOOK
999 _c1331478
_d1331475